Ahorrar para crecer en la práctica: maíz, arroz, trigo Guía para la producción sostenible de cereales.
Guardado en:
| Autor Corporativo: | |
|---|---|
| Formato: | Libro |
| Idioma: | Spanish |
| Publicado: |
Roma :
FAO,
2016.
|
| Materias: | |
| Acceso en línea: | Acceso a texto completo |
| Etiquetas: |
Agregar Etiqueta
Sin Etiquetas, Sea el primero en etiquetar este registro!
|
| LEADER | 01215nam a22003015a 4500 | ||
|---|---|---|---|
| 001 | EEA.libagro011302 | ||
| 008 | 210429s2016####it#a####s#####000#0#spa#d | ||
| 005 | 20210429150908.0 | ||
| 245 | 1 | 0 | |a Ahorrar para crecer en la práctica: maíz, arroz, trigo |h [recurso electrónico] : |b Guía para la producción sostenible de cereales. |
| 260 | |a Roma : |b FAO, |c 2016. | ||
| 300 | |a 1 recurso en línea (110 p.) | ||
| 336 | |a text |b txt |2 rdacontent | ||
| 337 | |a computer |b c |2 rdamedia | ||
| 338 | |a online resource |b cr |2 rdacarrier | ||
| 538 | |a Modo de acceso: World Wide Web. | ||
| 500 | |a Título tomado de www.fao.org (visto el 29 de abril de 2021). | ||
| 710 | 2 | |a Organización de las Naciones Unidas para la Agricultura y la Alimentación. | |
| 650 | 7 | |a Agricultura sostenible |2 agrovoc | |
| 650 | 7 | |a Agroecosistemas |2 agrovoc | |
| 650 | 7 | |a Maíz |2 agrovoc | |
| 650 | 7 | |a Trigo |2 agrovoc | |
| 650 | 7 | |a Arrozales |2 agrovoc | |
| 650 | 7 | |a Productos derivados de cereales |2 agrovoc | |
| 650 | 7 | |a Rendimiento de cultivos |2 agrovoc | |
| 650 | 7 | |a Ordenación de aguas |2 agrovoc | |
| 650 | 7 | |a Pequeños agricultores |2 agrovoc | |
| 655 | 4 | |a Libros electrónicos | |
| 856 | 4 | 0 | |3 Acceso a texto completo |u http://www.fao.org/3/i4009s/i4009s.pdf |
